00461cam a22001692 4500001001100000005001700011008004100028020001700069040001500086245004500101250001300146260003100159300001800190650003900208650004100247852000300288000001276620151217161143.0090319s xx 000 0 eng d a0192806482 : aKABUcKABU12aA Dictionary of business and management. a4th ed. aOxford :bO. U. P.,c2006. aviii, 568 p. 0aFinancevDictionaries.@0000151840 0aBusiness xDictionaries.@00001696751